Insectos y ácaros de importancia agrícola y cuarentenaria en Chile
Saved in:
| Main Author: | |
|---|---|
| Format: | Book |
| Language: | Spanish |
| Published: |
Santiago, Chile
Universidad de Chile
1989
|
| Subjects: | |
| Tags: |
Add Tag
No Tags, Be the first to tag this record!
|
MARC
| LEADER | 00000nam a2200000 a 4500 | ||
|---|---|---|---|
| 001 | UCV7335 | ||
| 003 | CL-VaPUC | ||
| 005 | 20241015103448.0 | ||
| 008 | 910807e19890000CL |||||||||||||||||spa|d | ||
| 999 | |c 213031 |d 213029 | ||
| 040 | |c Pontificia Universidad Católica de Valparaíso | ||
| 082 | 0 | 4 | |a 632.7 GON 1989 |2 21 |
| 100 | |a González Rodríguez, Roberto Hernán |e autor |9 600292 | ||
| 245 | 1 | 0 | |a Insectos y ácaros de importancia agrícola y cuarentenaria en Chile |
| 260 | 0 | 3 | |a Santiago, Chile |b Universidad de Chile |c 1989 |
| 300 | |a 310 páginas | ||
| 583 | |a last modification |c 20160307 02:54:17 |k Rodrigo Vera | ||
| 650 | 0 | |a Plagas agrícolas |9 264238 |z Chile | |
| 650 | 0 | |a Insectos dañinos |9 529328 | |
| 650 | 0 | |a Catálogo de plagas |9 892301 | |
| 942 | |c BK |2 ddc | ||
| 945 | |d 19910807 00:00:00 | ||
| 952 | |0 0 |1 0 |2 ddc |4 0 |6 632_700000000000000_GON_1989 |7 0 |8 A |9 195001 |a BIBAGR |b BIBAGR |d 2019-11-14 |i 2631210 |l 1 |o 632.7 GON 1989 |p 2631210 |r 2025-01-20 |s 2022-05-17 |t 1 |w 2019-11-14 |y BK |k AGR | ||
| 952 | |0 0 |1 0 |2 ddc |4 0 |6 632_700000000000000_GON_1989 |7 0 |8 A |9 195002 |a BIBAGR |b BIBAGR |d 2019-11-14 |i 3873552 |l 1 |o 632.7 GON 1989 |p 3873552 |r 2025-01-20 |s 2022-06-16 |t 2 |w 2019-11-14 |y BK |k AGR | ||